[Event "Benidorm op U2000 15th"]
[Site "Benidorm"]
[Date "2016.12.10"]
[Round "10"]
[White "Perez Garcia, Jose Miguel"]
[Black "Blondel, Jerome"]
[Result "1-0"]
[WhiteElo "1928"]
[BlackElo "1963"]
[PlyCount "91"]
[EventDate "2016.12.02"]
[EventType "swiss"]
[EventRounds "10"]
[EventCountry "ESP"]
[SourceTitle "EXT 2019"]
[Source "ChessBase"]
[SourceDate "2018.10.10"]
[SourceVersion "1"]
[SourceVersionDate "2018.10.10"]
[SourceQuality "1"]

1. Nf3 d5 2. g3 Nf6 3. Bg2 c6 4. d4 Bf5 5. 0-0 e6 6. c4 Be7 7. Nc3 h6 8. Nd2 Nbd7 9. Re1 0-0 10. e4 Nxe4 11. Ndxe4 dxe4 12. Bxe4 Bxe4 13. Nxe4 Nf6 14. Nc3 Re8 15. Be3 Qa5 16. Qf3 Qh5 17. Kg2 Ng4 18. h3 Nxe3+ 19. fxe3 Qxf3+ 20. Kxf3 Bb4 21. Rac1 e5 22. Red1 exd4 23. exd4 Re6 24. Re1 Rf6+ 25. Kg2 Rd8 26. Re4 Rfd6 27. Ne2 Bd2 28. Rd1 Bg5 29. g4 Bf6 30. b3 Re6 31. Rxe6 fxe6 32. Kf3 Kf7 33. Ke4 c5 34. Rd3 cxd4 35. Nxd4 a6 36. Nf3 Rxd3 37. Kxd3 Ke7 38. c5 Kd7 39. Kc4 g5 40. b4 b5+ 41. cxb6 Kc6 42. Nd4+ Kd7 43. Nb3 Kc6 44. b7 Kxb7 45. Nc5+ Kb6 46. Nd7+ 1-0

[Event "Cappelle op 30th"]
[Site "Cappelle la Grande"]
[Date "2014.03.03"]
[Round "4"]
[White "Blondel, Jerome"]
[Black "Sgircea, Silvia Raluca"]
[Result "0-1"]
[WhiteElo "1971"]
[BlackElo "2245"]
[PlyCount "78"]
[EventDate "2014.03.01"]
[EventType "swiss"]
[EventRounds "9"]
[EventCountry "FRA"]
[SourceTitle "CBM 159 Extra"]
[Source "ChessBase"]
[SourceDate "2014.04.24"]
[SourceVersion "1"]
[SourceVersionDate "2014.04.24"]
[SourceQuality "1"]

1. Nc3 d5 2. d4 Bf5 3. Bf4 c6 4. e3 Qb6 5. Rb1 Nf6 6. Bd3 Bxd3 7. cxd3 g6 8. Nf3 Bg7 9. 0-0 0-0 10. e4 dxe4 11. dxe4 Rd8 12. Qc2 Nbd7 13. b4 Qa6 14. b5 cxb5 15. Nxb5 Rac8 16. Nc7 Qc6 17. Qxc6 bxc6 18. Rb7 Nxe4 19. Rxa7 Nf8 20. Na6 Ne6 21. Be3 Nxd4 22. Bxd4 Bxd4 23. Rxe7 Nc3 24. Nxd4 Rxd4 25. Rfe1 c5 26. Re8+ Rxe8 27. Rxe8+ Kg7 28. Re1 c4 29. Nb4 Nd1 30. a4 c3 31. Nc2 Rd2 32. Na1 Nxf2 33. a5 Nd3 34. Rf1 c2 35. Nb3 Rd1 36. a6 Nc5 37. Nc1 Nxa6 38. Kf2 Rd2+ 39. Ne2 Nb4 0-1

[Event "Benidorm op U2000 12th"]
[Site "Benidorm"]
[Date "2013.12.07"]
[Round "10"]
[White "Bilescu, Lucian Wolfgang"]
[Black "Blondel, Jerome"]
[Result "1-0"]
[WhiteElo "1970"]
[BlackElo "1924"]
[PlyCount "41"]
[EventDate "2013.11.29"]
[EventType "swiss"]
[EventRounds "10"]
[EventCountry "ESP"]
[SourceTitle "CBM 157 Extra"]
[Source "ChessBase"]
[SourceDate "2013.12.19"]
[SourceVersion "1"]
[SourceVersionDate "2013.12.19"]
[SourceQuality "1"]

1. e4 d5 2. exd5 Qxd5 3. Nc3 Qd6 4. d4 a6 5. Nf3 Nf6 6. g3 Bg4 7. h3 Bh5 8. Bg2 Nc6 9. g4 Bg6 10. Qe2 Nb4 11. 0-0 Nxc2 12. Ne5 Nxa1 13. Bxb7 Rd8 14. Bc6+ Nd7 15. Qxa6 f6 16. Nxd7 Rxd7 17. Nb5 Qb4 18. Nxc7+ Kd8 19. Ne6+ Ke8 20. Qc8+ Kf7 21. Bxd7 1-0

[Event "Benidorm op U2000 11th"]
[Site "Benidorm"]
[Date "2012.12.04"]
[Round "5"]
[White "Blondel, Jerome"]
[Black "Nieto Tornero, Jose"]
[Result "1/2-1/2"]
[WhiteElo "1872"]
[BlackElo "1951"]
[PlyCount "39"]
[EventDate "2012.11.30"]
[EventType "swiss"]
[EventRounds "10"]
[EventCountry "ESP"]
[SourceTitle "EXT 2014"]
[Source "ChessBase"]
[SourceDate "2013.11.20"]
[SourceVersion "1"]
[SourceVersionDate "2013.11.20"]
[SourceQuality "1"]

1. Nf3 Nf6 2. d4 d5 3. g3 g6 4. Bg2 Bg7 5. 0-0 0-0 6. Nc3 c6 7. Re1 Ne4 8. Nxe4 dxe4 9. Ng5 f5 10. c3 h6 11. Qb3+ Qd5 12. Nh3 Qxb3 13. axb3 Be6 14. f3 exf3 15. exf3 Bxb3 16. Rxe7 Rf7 17. Re8+ Rf8 18. Re7 Rf7 19. Re8+ Rf8 20. Re7 1/2-1/2

[Event "Benidorm op U2200 10th"]
[Site "Benidorm"]
[Date "2011.12.08"]
[Round "8"]
[White "Blondel, Jerome"]
[Black "Romero Haro, Florentino"]
[Result "0-1"]
[WhiteElo "1944"]
[BlackElo "1893"]
[PlyCount "64"]
[EventDate "2011.12.02"]
[EventType "swiss"]
[EventRounds "10"]
[EventCountry "ESP"]
[SourceTitle "CBM 145 Extra"]
[Source "ChessBase"]
[SourceDate "2012.01.03"]
[SourceVersion "1"]
[SourceVersionDate "2012.01.03"]
[SourceQuality "1"]

1. d4 d5 2. Nf3 Nc6 3. Bf4 Bg4 4. Nbd2 e6 5. e3 Bd6 6. Bg3 Nge7 7. Be2 0-0 8. Rc1 Ng6 9. c4 f5 10. Bxd6 Qxd6 11. cxd5 exd5 12. Qb3 Nd8 13. h3 Bxf3 14. Nxf3 Kh8 15. Qc2 c6 16. h4 Ne6 17. Bd3 Ne7 18. Ne5 c5 19. Nf3 cxd4 20. exd4 Nc6 21. Qa4 Nexd4 22. Nxd4 Qf4 23. Rxc6 bxc6 24. g3 Qg4 25. Be2 Rfe8 26. Qd1 c5 27. Nc2 Qe4 28. f3 Qe5 29. Kf2 Qxb2 30. Ne3 d4 31. Nxf5 Re5 32. Nd6 Qxa2 0-1

[Event "EU-ch 12th"]
[Site "Aix les Bains"]
[Date "2011.04.01"]
[Round "10"]
[White "Gebigke, Martin"]
[Black "Blondel, Jerome"]
[Result "1-0"]
[WhiteElo "2212"]
[BlackElo "1898"]
[PlyCount "61"]
[EventDate "2011.03.22"]
[EventType "swiss"]
[EventRounds "11"]
[EventCountry "FRA"]
[SourceTitle "CBM 142 Extra"]
[Source "ChessBase"]
[SourceDate "2011.06.27"]
[SourceVersion "1"]
[SourceVersionDate "2011.06.27"]
[SourceQuality "1"]

1. d4 d5 2. c4 c6 3. Nf3 e6 4. Nc3 dxc4 5. a4 Bb4 6. e3 b5 7. axb5 cxb5 8. Bd2 Bxc3 9. Bxc3 Nf6 10. b3 0-0 11. bxc4 bxc4 12. Bxc4 Bb7 13. Qb3 Qc7 14. Ba5 Qc6 15. Bb5 Qd5 16. Qxd5 Bxd5 17. 0-0 Nc6 18. Bc7 Rfc8 19. Bf4 Nb4 20. Rfc1 Na2 21. Re1 Ne4 22. Ba6 Rc3 23. Reb1 Ra3 24. Bb7 Bxb7 25. Rxb7 Rc8 26. h4 h6 27. d5 exd5 28. Nd4 Nc5 29. Rb2 Nd3 30. Rbxa2 Rxa2 31. Rxa2 1-0

[Event "EU-ch 12th"]
[Site "Aix les Bains"]
[Date "2011.03.25"]
[Round "4"]
[White "Dubreuil, Julien"]
[Black "Blondel, Jerome"]
[Result "1-0"]
[WhiteElo "2265"]
[BlackElo "1898"]
[PlyCount "75"]
[EventDate "2011.03.22"]
[EventType "swiss"]
[EventRounds "11"]
[EventCountry "FRA"]
[SourceTitle "CBM 142 Extra"]
[Source "ChessBase"]
[SourceDate "2011.06.27"]
[SourceVersion "1"]
[SourceVersionDate "2011.06.27"]
[SourceQuality "1"]

1. e4 e5 2. Bc4 Nf6 3. d3 Bc5 4. Nf3 d6 5. c3 0-0 6. Bg5 h6 7. Be3 Nc6 8. Nbd2 a6 9. b4 Bxe3 10. fxe3 b5 11. Bb3 Be6 12. Qe2 a5 13. bxa5 Nxa5 14. Bxe6 fxe6 15. 0-0 c5 16. Rfb1 Qd7 17. Rb2 Rfb8 18. Rab1 Nc6 19. h3 b4 20. cxb4 Rxb4 21. Nc4 Rxa2 22. Rxa2 Rxb1+ 23. Kh2 Qe7 24. Ra8+ Kh7 25. Ra6 Qb7 26. Ra2 d5 27. exd5 exd5 28. Ncxe5 Nxe5 29. Nxe5 Qb8 30. d4 Ne4 31. Qf3 c4 32. Ra6 Nd2 33. Qf5+ Kh8 34. h4 Nf1+ 35. Kh3 Nxe3 36. Rxh6+ gxh6 37. Qf6+ Kg8 38. Qf7+ 1-0

[Event "EU-ch 12th"]
[Site "Aix les Bains"]
[Date "2011.03.23"]
[Round "2"]
[White "Tate, Alan"]
[Black "Blondel, Jerome"]
[Result "1-0"]
[WhiteElo "2300"]
[BlackElo "1898"]
[PlyCount "53"]
[EventDate "2011.03.22"]
[EventType "swiss"]
[EventRounds "11"]
[EventCountry "FRA"]
[SourceTitle "CBM 142 Extra"]
[Source "ChessBase"]
[SourceDate "2011.06.27"]
[SourceVersion "1"]
[SourceVersionDate "2011.06.27"]
[SourceQuality "1"]

1. e4 e5 2. Bc4 Nf6 3. d3 Be7 4. Nf3 Nc6 5. 0-0 0-0 6. Re1 d6 7. a4 Be6 8. Nbd2 a6 9. a5 Nd7 10. c3 Bf6 11. b4 Ne7 12. Bxe6 fxe6 13. Qb3 d5 14. d4 exd4 15. e5 dxc3 16. Qxc3 Nxe5 17. Nxe5 Nc6 18. Ndf3 Qd6 19. Ba3 d4 20. Qc5 Qxc5 21. bxc5 Nxa5 22. c6 Rfd8 23. cxb7 Nxb7 24. Nc6 Re8 25. Nfxd4 e5 26. Nf5 Re6 27. Rac1 1-0

[Event "EU-ch 12th"]
[Site "Aix les Bains"]
[Date "2011.03.22"]
[Round "1"]
[White "Blondel, Jerome"]
[Black "Cmilyte, Viktorija"]
[Result "0-1"]
[WhiteElo "1898"]
[BlackElo "2526"]
[PlyCount "116"]
[EventDate "2011.03.22"]
[EventType "swiss"]
[EventRounds "11"]
[EventCountry "FRA"]
[SourceTitle "CBM 142 Extra"]
[Source "ChessBase"]
[SourceDate "2011.06.27"]
[SourceVersion "1"]
[SourceVersionDate "2011.06.27"]
[SourceQuality "1"]

1. d4 f5 2. Nf3 Nf6 3. g3 g6 4. Bg2 Bg7 5. 0-0 0-0 6. c3 e6 7. Bf4 Nc6 8. Nbd2 h6 9. Ne5 Ne7 10. e4 g5 11. Be3 d6 12. Nd3 Ng4 13. exf5 exf5 14. h3 Nxe3 15. fxe3 d5 16. Qb3 Qd6 17. Kh2 Be6 18. Nc5 b6 19. Nxe6 Qxe6 20. Rae1 Rf6 21. e4 dxe4 22. Qxe6+ Rxe6 23. g4 f4 24. Bxe4 Re8 25. h4 c6 26. hxg5 hxg5 27. Nf3 Bf6 28. Bh7+ Kf7 29. Rxe6 Kxe6 30. Re1+ Kd7 31. Kg2 Nd5 32. Bf5+ Kd8 33. Rxe8+ Kxe8 34. Bg6+ Ke7 35. Ne1 Ne3+ 36. Kf3 c5 37. dxc5 bxc5 38. Bc2 Kd6 39. Ba4 c4 40. Bc2 Bg7 41. Ba4 Kc5 42. Ke4 Nxg4 43. Kf5 Ne5 44. Bd1 Kd5 45. Bc2 Kd6 46. Be4 Bh6 47. Nf3 Nd3 48. b3 Nc1 49. Nd4 Nxa2 50. bxc4 Kc5 51. Bd3 Nxc3 52. Nb5 Nxb5 53. cxb5 Kd4 54. Bf1 Ke3 55. Kg4 f3 56. Kg3 Bf8 57. Kh2 Bd6+ 58. Kg1 g4 0-1

[Event "Bagnoles de l'Orne"]
[Site "Bagnoles de l'Orne"]
[Date "2009.06.01"]
[Round "6"]
[White "Blondel, Jerome"]
[Black "Bougard, Olivier"]
[Result "1-0"]
[WhiteElo "1878"]
[BlackElo "1460"]
[PlyCount "117"]
[EventDate "2009.05.30"]
[EventType "swiss"]
[EventRounds "6"]
[EventCountry "FRA"]
[SourceTitle "CBM 130 Extra"]
[Source "ChessBase"]
[SourceDate "2009.07.02"]
[SourceVersion "2"]
[SourceVersionDate "2009.07.15"]
[SourceQuality "1"]

1. d4 Nf6 2. Nf3 e6 3. Bg5 Bb4+ 4. c3 Be7 5. e3 0-0 6. Bd3 d5 7. Qc2 Ne4 8. Bxe7 Qxe7 9. Bxe4 dxe4 10. Qxe4 c6 11. Nbd2 Nd7 12. 0-0 f5 13. Qc2 b6 14. e4 fxe4 15. Qxe4 Bb7 16. Rfe1 Rf6 17. Qh4 Nf8 18. Ne5 Re8 19. Ne4 Rh6 20. Qxe7 Rxe7 21. Nd6 Ba8 22. Nd3 Rd7 23. Nc4 c5 24. Nce5 Rd8 25. dxc5 Ng6 26. cxb6 axb6 27. Rad1 Rh5 28. Nxg6 hxg6 29. Nf4 Rxd1 30. Rxd1 Rf5 31. Rd8+ Kf7 32. Rxa8 Rxf4 33. Rb8 Ra4 34. a3 Ra6 35. Kf1 e5 36. Ke2 Kf6 37. Kd3 Ke6 38. Kc4 Ra4+ 39. Kb5 Re4 40. Rf8 Re2 41. b4 Rc2 42. c4 e4 43. Kxb6 Rxc4 44. Kb5 Rc7 45. a4 Rb7+ 46. Kc4 Rc7+ 47. Kb3 Kd5 48. Rd8+ Ke5 49. Rd2 g5 50. Re2 Rd7 51. a5 Rd3+ 52. Kc4 Rd8 53. Kb5 Rb8+ 54. Ka4 Kd4 55. b5 Kc4 56. Rb2 Rc8 57. b6 Kc3 58. b7 Rc4+ 59. Kb5 1-0

[Event "Reunion op 09th"]
[Site "Reunion"]
[Date "2007.10.19"]
[Round "7"]
[White "Guillaumat, Jean Pierre"]
[Black "Blondel, Jerome"]
[Result "1-0"]
[WhiteElo "1984"]
[BlackElo "1890"]
[PlyCount "47"]
[EventDate "2007.10.14"]
[EventType "swiss"]
[EventRounds "9"]
[EventCountry "RUF"]
[SourceTitle "EXT 2012"]
[Source "ChessBase"]
[SourceDate "2011.11.24"]
[SourceVersion "1"]
[SourceVersionDate "2011.11.24"]
[SourceQuality "1"]

1. d4 d5 2. Nf3 Nf6 3. b4 Bg4 4. e3 e6 5. a3 a5 6. b5 c5 7. c4 cxd4 8. Qxd4 Bxf3 9. gxf3 Nbd7 10. cxd5 Bc5 11. Qd1 Nxd5 12. Bb2 0-0 13. h4 Be7 14. Nd2 Bxh4 15. Bd3 Nxe3 16. Qe2 Ng2+ 17. Kf1 Nf4 18. Qe4 Nxd3 19. Qxd3 Nf6 20. Qe3 Nd5 21. Qe4 g5 22. Rxh4 f5 23. Qxe6+ Rf7 24. Rxh7 1-0

[Event "Reunion op 07th"]
[Site "Reunion"]
[Date "2004.10.13"]
[Round "5"]
[White "Blondel, Jerome"]
[Black "Roblet, Charles"]
[Result "0-1"]
[WhiteElo "1800"]
[BlackElo "2089"]
[PlyCount "56"]
[EventDate "2004.10.09"]
[EventType "swiss"]
[EventRounds "9"]
[EventCountry "RUF"]
[SourceTitle "CBM 102 Extra"]
[Source "ChessBase"]
[SourceDate "2004.11.03"]
[SourceVersion "1"]
[SourceVersionDate "2004.11.03"]
[SourceQuality "1"]

1. c4 c5 2. Nc3 Nc6 3. g3 g6 4. Bg2 Bg7 5. Nf3 Nf6 6. 0-0 0-0 7. d4 cxd4 8. Nxd4 Qa5 9. Rb1 Nxd4 10. Qxd4 d6 11. b4 Qh5 12. Qd3 Bh3 13. Bf3 Ng4 14. Rd1 Ne5 15. Bxh5 Nxd3 16. exd3 gxh5 17. Ne4 Rfd8 18. Bb2 e5 19. a4 Bg4 20. Re1 h6 21. Kg2 d5 22. Nc3 dxc4 23. dxc4 Rd3 24. Re3 Bf5 25. Rd1 Rd4 26. f3 Rad8 27. Rde1 Rxc4 28. Na2 Rc2+ 0-1

[Event "Reunion op 07th"]
[Site "Reunion"]
[Date "2004.10.11"]
[Round "4"]
[White "Mablouke, Ulrich"]
[Black "Blondel, Jerome"]
[Result "0-1"]
[WhiteElo "1680"]
[BlackElo "1800"]
[PlyCount "116"]
[EventDate "2004.10.09"]
[EventType "swiss"]
[EventRounds "9"]
[EventCountry "RUF"]
[SourceTitle "CBM 102 Extra"]
[Source "ChessBase"]
[SourceDate "2004.11.03"]
[SourceVersion "1"]
[SourceVersionDate "2004.11.03"]
[SourceQuality "1"]

1. e4 d5 2. exd5 Qxd5 3. Nc3 Qa5 4. Nf3 Nf6 5. Bc4 Bg4 6. d4 e6 7. h3 Bh5 8. Bd2 c6 9. 0-0 Be7 10. Re1 Qc7 11. Qe2 Bxf3 12. Qxf3 Nbd7 13. Rad1 0-0 14. a3 Nd5 15. Nxd5 cxd5 16. Bxd5 Nf6 17. Bb3 Rfd8 18. Bc3 Nd5 19. Bxd5 Rxd5 20. Re5 Rad8 21. Rde1 Bf6 22. Rxd5 Rxd5 23. Re4 Qd7 24. Qg3 Qd8 25. Kf1 h6 26. Kg1 b5 27. Kh1 Kh7 28. Qe3 g6 29. Qg3 Bxd4 30. Qf4 Bxc3 31. bxc3 Rd1+ 32. Kh2 Qd6 33. Qxd6 Rxd6 34. Rd4 Ra6 35. Rb4 Rxa3 36. c4 bxc4 37. Rxc4 a5 38. Rc8 a4 39. c4 Kg7 40. c5 Kf6 41. c6 Rc3 42. c7 a3 43. Ra8 Rxc7 44. Rxa3 e5 45. f3 Kg5 46. Ra4 f5 47. Ra6 Re7 48. h4+ Kxh4 49. Rxg6 Kh5 50. Rg8 e4 51. fxe4 Rxe4 52. Kh3 Rh4+ 53. Kg3 Rg4+ 54. Rxg4 fxg4 55. Kh2 Kg5 56. g3 Kf5 57. Kg2 Ke4 58. Kf2 Kd3 0-1